The Year book of pulmonary disease 1987 /
Uložené v:
| Ďalší autori: | |
|---|---|
| Médium: | Kniha |
| Jazyk: | English |
| Vydané: |
Chicago ; London ; Boca Raton :
Year Book Medical Publishers, Inc.,
1987
|
| Vydanie: | 1 st. ed. |
| ISBN: |
(viaz.) |
| Fyzický popis: |
368 s. |
| Tagy: |
Pridať tag
Žiadne tagy, Buďte prvý kto otaguje tento záznam!
|
Titul je dostupný aj v ... 

MARC
| LEADER | 00000nam a2200000 a 4500 | ||
|---|---|---|---|
| 001 | 000286521 | ||
| 005 | 20061128144912.0 | ||
| 008 | 061127s1987 xxu e 000 0 engo | ||
| 020 | |a (viaz.) | ||
| 040 | |a SVKKK |b slo |c SVKKK |e AACR2 | ||
| 041 | 0 | |a eng | |
| 044 | |a xxu |c US |a xxk |c GB | ||
| 245 | 0 | 0 | |a The Year book of pulmonary disease 1987 / |c edit. Gareth M. Green |
| 250 | |a 1 st. ed. | ||
| 260 | |a Chicago ; |a London ; |a Boca Raton : |b Year Book Medical Publishers, Inc., |c 1987 | ||
| 300 | |a 368 s. | ||
| 700 | 1 | |a Green, Gareth M. |4 edt | |
| 998 | |a BK | ||
| 090 | |g SCKHL |k Sklad Pribinova prízemie |a IV.150976 |j 775150 |i B88369 |s Absenčne | ||